LEADER 01098nam a2200253 u 4500 001 000000069046 003 CaOOAMICUS 005 20070226121850.0 008 020404s1908 enkbcef u000 u eng u 035 $a10925535 040 $aPUL(R)$bita 100 1 $aTrevelyan, George Macaulay,$d1876-1962.$0(OLS)http://pul/name/21754 245 10$aGaribaldi's defence of the Roman republic /$cby George Macaulay Trvelyan .. 250 $aNew ed. 260 $aLondon :$bLongmans, Green and co.,$c1908. 300 $axv, 387 p., [7] c. di tav. (alcune pieg.) :$bant. (ritr.), c. geogr., ill. ;$c24 cm 504 $a"List of printed matter and mss. consulted by the author": p. 354-374. 600 14$aGaribaldi, Giuseppe,$d1807-1882.$0(OLS)http://pul/subject/14403 850 $aPUL 852 $aPUL$W1$xDP2 Filosofia 1$y62$m118 F 26$j89265$nBK-PRI$b $qStampati$B89265$CPULBib$Z2$F89265 $81 941 1 $a8 961 $aINV: 10864 996 $6245$aGaribaldi's defence of the Roman republic$9(OLS)http://pul/title/91219 996 $6260$aLondon :$bLongmans, Green and co.$9(OLS)http://pul/publisher/61135 LEADER 01381nam a2200289 u 4500 001 000000000643 003 CaOOAMICUS 005 20070226104225.0 008 940811s1975 it u000 u ita u 035 $a10012242 040 $aPUL(R)$bita 100 1 $aGuasco, Maurilio,$csacerdote,$d1939-$0(OLS)http://pul/name/713 245 10$aAlfred Loisy in Italia :$bcon documenti inediti /$cMaurilio Guasco. 260 $aTorino :$bGiappichelli,$c1975. 300 $a299 p. ;$c24 cm 490 1 $aPubblicazioni dell'Istituto di scienze politiche "G. Solari" dell'Università di Torino ;$v33 500 $aComprende indici. 600 14$aLoisy, Alfred Firmin,$d1857-1940.$0(OLS)http://pul/subject/692 650 4$aModernismo$zItalia.$0(OLS)http://pul/subject/693 710 2 $aUniversità degli studi di Torino.$bIstituto di scienze politiche.$0(OLS)http://pul/name/714 830 0$aPubblicazioni dell'Istituto di scienze politiche "G. Solari" dell'Università di Torino ;$v33.$0(OLS)http://pul/title/890 850 $aPUL 852 $aPUL$W1$xDP1 Fondo Maccarrone$y58$m1522 B 4$j828$nBK-PRI$b $qFondi$B828$CPULBib$Z2$F828 $H $81 941 1 $a1 961 $aINV: F. Maccarrone 996 $6245$aAlfred Loisy in Italia :$bcon documenti inediti$9(OLS)http://pul/title/889 996 $6260$aTorino :$bGiappichelli$9(OLS)http://pul/publisher/48244